header

Class J (Record no. 105906)

MARC details
000 -LEADER
fixed length control field 01474nam a2200385 a 4500
100 1# - MAIN ENTRY--AUTHOR NAME
Personal name Foskett, Douglas.
245 10 - TITLE STATEMENT
Title Class J
250 ## - EDITION STATEMENT
Edition statement 2nd ed. /
260 ## - PUBLICATION, DISTRIBUTION, ETC. (IMPRINT)
Place of publication London :
Name of publisher Bowker-Saur,
Year of publication 1990.
300 ## - PHYSICAL DESCRIPTION
Number of Pages xxvi, 80 p.
490 0# - SERIES STATEMENT
Series statement Bliss bibliographic classification ;
500 ## - GENERAL NOTE
General note Includes index.
650 #0 - SUBJECT ADDED ENTRY--TOPICAL TERM
Topical Term Bliss Bibliographic classification.
Topical Term Classification
700 1# - ADDED ENTRY--PERSONAL NAME
Personal name Bliss, Henry Evelyn,
Personal name Mills, J.
Personal name Broughton, Vanda.
Personal name Neilson, Colin.
Personal name Foskett, Joy.
856 40 - ELECTRONIC LOCATION AND ACCESS
Uniform Resource Identifier http://site.ebrary.com/lib/rucke/Doc?id=10591287

No items available.

© 2026 Rongo University
Contact us: librarian | system librarian | Rongo university